000 00678nam a2200205Ia 4500
003 GCL
008 140319s9999 xx 000 0 ara d
040 _aGCL /
_cGCL
082 0 4 _a811.82
_bا ا
100 1 _aابراهيم الدسوقى جادالرب
245 1 0 _aابن مكانس والشعر فى عصر المماليك /
_cابراهيم الدسوقى جادالرب
260 _a[S.N] :
_bجامعة القاهرة - كلية الاداب ،
_c1990
300 _a366 ص
490 _a
650 0 4 _aالشعر العربى
650 0 4 _aالادب العربى
650 0 4 _aالعصر المملوكى
650 0 4 _aتاريخ ونقد
942 _2ddc
_cBK
999 _c35176
_d35176